| 000 | 00579nam a2200181 a 4500 | ||
|---|---|---|---|
| 001 | 1886 | ||
| 005 | 20140414131919.0 | ||
| 008 | 020411s19uu xx 00 eng d | ||
| 050 |
_aER _bM66 Vol.3 |
||
| 245 | _aMini treasure chest of great fairy tales III, book 3. | ||
| 260 |
_a[s.l.] : _bTormont, _c[n.d.] |
||
| 300 | _a16 p. : ill. ; cm. | ||
| 440 | _aMini treasure chest of great fairy tales. | ||
| 500 | _aTitle includes: The Adventures of Aladdin; The Little Matchgirl; Narcissus. | ||
| 650 | _aFairy tales. | ||
| 650 |
_aChildren stories _xFiction. |
||
| 999 |
_c111664 _d111664 |
||